000 00499nam a2200181Ia 4500
005 20250326144133.0
008 250326s9999 xx 000 0 und d
037 _aTextbook
040 _aFMSL
_beng
_cFMSL
041 _aeng
_2eng
084 _aY:5(T) M5
_qFMSL
100 _aSingh R R
_9693601
245 0 _aField work in social work education
_cSingh R R
260 _aNew Delhi
_bNew Delhi, Concept
_c1985
300 _a448p
942 _cTB
_hY:5(T) M5
999 _c1302510
_d1302510